| 000 | 00394nam a22001217a 4500 | ||
|---|---|---|---|
| 999 |
_c9666 _d9666 |
||
| 003 | OSt | ||
| 008 | 201203b ||||| |||| 00| 0 eng d | ||
| 245 | _aIndian Journal of Advanced Materials Science (JAMS) | ||
| 250 | _a2013(Vol.1 No.2, Vol.1 No.1) 2014(Jan-Jun Vol.2 No.1, Jul-Dec Vol.2 No.2) | ||
| 260 |
_aBanglore _bOcean Research Jounrals |
||
| 650 | _aMechanical Engineering | ||
| 942 |
_2ddc _cBV |
||